LIBRARY & INFORMATION CENTRE, KCAET, TAVANUR

ONLINE PUBLIC ACCESS CATALOGUE (OPAC)

Mathematical approach to pattern and form in plant growth / (Record no. 9285)

MARC details
000 -LEADER
fixed length control field 00446cam a2200169ua 4500
020 ## - INTERNATIONAL STANDARD BOOK NUMBER
ISBN 0471 88357 3
041 ## - LANGUAGE CODE
Language code of text/sound track or separate title eng
082 ## - DEWEY DECIMAL CLASSIFICATION NUMBER
Classification number 581.31
Item number JEA/MA
100 ## - MAIN ENTRY--AUTHOR NAME
Personal name Jean, Roger V .
245 ## - TITLE STATEMENT
Title Mathematical approach to pattern and form in plant growth /
250 ## - EDITION STATEMENT
Edition statement 1 /
260 ## - PUBLICATION, DISTRIBUTION, ETC. (IMPRINT)
Place of publication Newyork :
Name of publisher John Wiley & Sons ,
Year of publication 1984.
300 ## - PHYSICAL DESCRIPTION
Number of Pages 222 ; .
942 ## - ADDED ENTRY ELEMENTS (KOHA)
Koha item type Books
Holdings
Withdrawn status Lost status Damaged status Home library Current library Date acquired Full call number Accession Number Koha item type
      KAUAET KAUAET 27/03/1987 581.31 JEA/MA 16176 Books
free website counter